Documento que trata sobre las lineas del varón para cumplir con las cláusulas de herencia

Detalles Bibliográficos
Formato: Libro
Publicado: s.l., s.f.
Materias:
Colección:Banco de datos
Acervo:Biblioteca Palafoxiana. Colección de Manuscritos
Descripción Física:1 f. ; 21 x 31 cm.
Tema general:Eclesiástica
LEADER 00398nam a22001330004500
035 |a 1056 
245 1 0 |a Documento que trata sobre las lineas del varón para cumplir con las cláusulas de herencia 
260 |a s.l., s.f. 
300 |a 1 f. ; 21 x 31 cm. 
650 1 0 |a Eclesiástica 
949 |a 19942/002 
942 |c PALAMANU 
943 |g Biblioteca Palafoxiana. Colección de Manuscritos 
999 |c 1069001  |d 1069001